<?xml version="1.0" encoding="UTF-8"?>
<record
    xmlns:xsi="http://www.w3.org/2001/XMLSchema-instance"
    xsi:schemaLocation="http://www.loc.gov/MARC21/slim http://www.loc.gov/standards/marcxml/schema/MARC21slim.xsd"
    xmlns="http://www.loc.gov/MARC21/slim">

  <leader>03044nam a22003377a 4500</leader>
  <controlfield tag="001">1516</controlfield>
  <controlfield tag="003">FISKH</controlfield>
  <controlfield tag="005">20250530115011.0</controlfield>
  <controlfield tag="008">230901b        cb ||||| |||| 00| 0 khr d</controlfield>
  <datafield tag="020" ind1=" " ind2=" ">
    <subfield code="a">9789995054854</subfield>
  </datafield>
  <datafield tag="040" ind1=" " ind2=" ">
    <subfield code="a">FISKH</subfield>
    <subfield code="b">eng</subfield>
    <subfield code="c">FISKH</subfield>
    <subfield code="d">FISKH</subfield>
  </datafield>
  <datafield tag="082" ind1=" " ind2=" ">
    <subfield code="a">959.6</subfield>
  </datafield>
  <datafield tag="100" ind1=" " ind2=" ">
    <subfield code="a">Mengheang, Sunheng </subfield>
  </datafield>
  <datafield tag="245" ind1=" " ind2=" ">
    <subfield code="a">&#x1799;&#x17BE;&#x1784;&#x1791;&#x17C5;&#x1791;&#x179F;&#x17D2;&#x179F;&#x1793;&#x17B6;&#x1794;&#x17D2;&#x179A;&#x17B6;&#x179F;&#x17B6;&#x1791;&#x17A2;&#x1784;&#x17D2;&#x1782;&#x179A; /</subfield>
    <subfield code="b">&#x17A2;&#x1784;&#x17D2;&#x1782;&#x179A;&#x179C;&#x178F;&#x17D2;&#x178F; &#x1793;&#x17B7;&#x1784;&#x1794;&#x17B6;&#x1799;&#x17D0;&#x1793; </subfield>
    <subfield code="c">&#x1793;&#x17B7;&#x1796;&#x1793;&#x17D2;&#x1792;&#x178A;&#x17C4;&#x1799; &#x179F;&#x17CA;&#x17BB;&#x1793;&#x17A0;&#x17C1;&#x1784; &#x1798;&#x17C9;&#x17C1;&#x1784;&#x1788;&#x17B6;&#x1784; &#x1793;&#x17B7;&#x1784; &#x17A0;&#x17BD;&#x178F; &#x179F;&#x17B6;&#x179A;&#x17B7;&#x1791;&#x17D2;&#x1792; &#x1780;&#x17D2;&#x179A;&#x17C4;&#x1798;&#x1780;&#x17B6;&#x179A;&#x178A;&#x17B9;&#x1780;&#x1793;&#x17B6;&#x17C6;&#x179A;&#x1794;&#x179F;&#x17CB; Francoise Recamier -  &#x178A;&#x17C4;&#x1799;&#x1798;&#x17B6;&#x1793;&#x1780;&#x17B6;&#x179A;&#x179F;&#x17A0;&#x1780;&#x17B6;&#x179A;&#x1796;&#x17B8; Olivier Cunin, Bertrand Port &#x1793;&#x17B7;&#x1784; Dominique Soutif </subfield>
  </datafield>
  <datafield tag="250" ind1=" " ind2=" ">
    <subfield code="a">&#x1794;&#x17C4;&#x17C7;&#x1796;&#x17BB;&#x1798;&#x17D2;&#x1796;&#x179B;&#x17BE;&#x1780;&#x1791;&#x17B8; &#x17E6;&#x200B; &#x1781;&#x17C2;&#x1780;&#x1789;&#x17D2;&#x1789;&#x17B6; &#x17E2;&#x17E0;&#x17E2;&#x17E2; </subfield>
  </datafield>
  <datafield tag="260" ind1=" " ind2=" ">
    <subfield code="a">Phnom Penh : </subfield>
    <subfield code="b">Sipar, </subfield>
    <subfield code="c">2022. </subfield>
  </datafield>
  <datafield tag="300" ind1=" " ind2=" ">
    <subfield code="a">51 pages : </subfield>
    <subfield code="b">map ; color illustrations ; </subfield>
    <subfield code="c">20 cm </subfield>
  </datafield>
  <datafield tag="490" ind1=" " ind2=" ">
    <subfield code="a">&#x1781;&#x17D2;&#x1789;&#x17BB;&#x17C6;&#x1785;&#x1784;&#x17CB;&#x178A;&#x17B9;&#x1784;</subfield>
  </datafield>
  <datafield tag="505" ind1=" " ind2=" ">
    <subfield code="a">Z'
</subfield>
  </datafield>
  <datafield tag="520" ind1=" " ind2=" ">
    <subfield code="a">&#x179F;&#x17D2;&#x179C;&#x17C2;&#x1784;&#x1799;&#x179B;&#x17CB;&#x17A2;&#x1784;&#x17D2;&#x1782;&#x179A;&#x1797;&#x17B6;&#x1782;&#x1791;&#x17B8;&#x17E1; (&#x17A2;&#x1784;&#x17D2;&#x1782;&#x179A;&#x179C;&#x178F;&#x17D2;&#x178F; &#x1793;&#x17B7;&#x1784;&#x1794;&#x17B6;&#x1799;&#x17D0;&#x1793;) &#x178E;&#x17C2;&#x1793;&#x17B6;&#x17C6;&#x17A2;&#x17D2;&#x1793;&#x1780;&#x17A2;&#x17B6;&#x1793;&#x17B1;&#x17D2;&#x1799;&#x1799;&#x179B;&#x17CB;&#x178A;&#x17B9;&#x1784;&#x1794;&#x1793;&#x17D2;&#x1790;&#x17C2;&#x1798;&#x17A2;&#x17C6;&#x1796;&#x17B8;&#x1794;&#x17D2;&#x179A;&#x17B6;&#x179F;&#x17B6;&#x1791;&#x17A2;&#x1784;&#x17D2;&#x1782;&#x179A;&#x179C;&#x178F;&#x17D2;&#x178F; &#x1793;&#x17B7;&#x1784;&#x1794;&#x17D2;&#x179A;&#x17B6;&#x179F;&#x17B6;&#x1791;&#x1794;&#x17B6;&#x1799;&#x17D0;&#x1793; &#x178A;&#x17C4;&#x1799;&#x1795;&#x17D2;&#x17A2;&#x17C2;&#x1780;&#x179B;&#x17BE;&#x1780;&#x17B6;&#x179A;&#x1799;&#x179B;&#x17CB;&#x178A;&#x17B9;&#x1784;&#x17A2;&#x17C6;&#x1796;&#x17B8;&#x1785;&#x1798;&#x17D2;&#x179B;&#x17B6;&#x1780;&#x17CB;&#x1791;&#x17B6;&#x1794;&#x1793;&#x17C3;&#x1794;&#x17D2;&#x179A;&#x17B6;&#x179F;&#x17B6;&#x1791;&#x1791;&#x17B6;&#x17C6;&#x1784;&#x1793;&#x17C4;&#x17C7;&#x17D4; &#x1780;&#x17B6;&#x179A;&#x1795;&#x17D2;&#x178F;&#x179B;&#x17CB;&#x1787;&#x17C6;&#x1793;&#x17BD;&#x1799;&#x179F;&#x1784;&#x17D2;&#x1782;&#x17D2;&#x179A;&#x17C4;&#x17C7;&#x1791;&#x17B6;&#x1794;&#x1793;&#x17B8;&#x1798;&#x17BD;&#x1799;&#x17D7;&#x1795;&#x17D2;&#x178F;&#x179B;&#x17CB;&#x1793;&#x17BC;&#x179C;&#x1796;&#x17D0;&#x178F;&#x17CC;&#x1798;&#x17B6;&#x1793; &#x1793;&#x17B7;&#x1784;&#x178A;&#x17C6;&#x178E;&#x17BE;&#x179A;&#x179A;&#x17BF;&#x1784;&#x1795;&#x17D2;&#x179F;&#x17C1;&#x1784;&#x17D7;&#x1782;&#x17D2;&#x1793;&#x17B6;&#x17D6; &#x1781;&#x17D2;&#x179B;&#x17C7;&#x1787;&#x17B6;&#x1794;&#x17D2;&#x179A;&#x179C;&#x178F;&#x17D2;&#x178F;&#x17B7;&#x179F;&#x17B6;&#x179F;&#x17D2;&#x178F;&#x17D2;&#x179A; &#x1791;&#x17C1;&#x179C;&#x1780;&#x1790;&#x17B6; &#x179C;&#x17B8;&#x179A;&#x1797;&#x17B6;&#x1796;&#x17A5;&#x178E;&#x17D2;&#x178C;&#x17B6; (&#x1798;&#x17A0;&#x17B6;&#x1794;&#x17B6;&#x179A;&#x17C9;&#x17B6;&#x178F; &#x200B;&#x200B;&#x1793;&#x17B7;&#x1784;&#x179A;&#x17B6;&#x1798;&#x17B6;&#x1799;&#x178E;&#x17C8;) &#x1793;&#x17B7;&#x1784;&#x1787;&#x17B8;&#x179C;&#x17B7;&#x178F;&#x1794;&#x17D2;&#x179A;&#x1785;&#x17B6;&#x17C6;&#x1790;&#x17D2;&#x1784;&#x17C3; (&#x1794;&#x17B6;&#x1799;&#x17D0;&#x1793;)&#x17D4; &#x1787;&#x17B6;&#x1784;&#x1793;&#x17C1;&#x17C7;&#x1791;&#x17C5;&#x1791;&#x17C0;&#x178F; &#x179C;&#x17B6;&#x200B;&#x1780;&#x17CF;&#x200B;&#x1794;&#x1784;&#x17D2;&#x17A0;&#x17B6;&#x1789;&#x200B;&#x1796;&#x17B8;&#x200B;&#x1787;&#x17C6;&#x1793;&#x17BF;&#x200B;&#x1793;&#x17C3;&#x200B;&#x179F;&#x17B6;&#x179F;&#x1793;&#x17B6;&#x200B;&#x17A0;&#x17B7;&#x178E;&#x17D2;&#x178C;&#x17BC;&#x200B;&#x178A;&#x17C2;&#x179B;&#x200B;&#x1795;&#x17D2;&#x17A2;&#x17C2;&#x1780;&#x179B;&#x17BE;&#x200B;&#x17A2;&#x1794;&#x17B7;&#x1799;&#x1787;&#x17C6;&#x1793;&#x17BF;&#x1795;&#x1784;&#x178A;&#x17C2;&#x179A;&#x200B;&#x17D4;</subfield>
  </datafield>
  <datafield tag="520" ind1=" " ind2=" ">
    <subfield code="a">Exploring Angkor Part 1 (Angkor Wat and Bayon) guides readers to know more about Angkor Wat and Bayon temple based on understanding the low reliefs of those temples. Each low relief provides different information and story: some are history, mythology, Indian Epics (Mahabarata and Ramayana) and daily life (Bayon). Moreover, it also demonstrates the belief of Hinduism based on the reliefs.</subfield>
  </datafield>
  <datafield tag="521" ind1="8" ind2=" ">
    <subfield code="a">1000

</subfield>
    <subfield code="b">Lexile estimate
</subfield>
  </datafield>
  <datafield tag="521" ind1="8" ind2=" ">
    <subfield code="a">Z'
</subfield>
    <subfield code="b">Raz-Plus
</subfield>
  </datafield>
  <datafield tag="600" ind1=" " ind2=" ">
    <subfield code="v">Mythology </subfield>
    <subfield code="x">History </subfield>
    <subfield code="y">Daily life </subfield>
  </datafield>
  <datafield tag="600" ind1=" " ind2=" ">
    <subfield code="v">&#x1791;&#x17C1;&#x179C;&#x1780;&#x1790;&#x17B6;&#x200B;  </subfield>
    <subfield code="x">&#x1794;&#x17D2;&#x179A;&#x179C;&#x178F;&#x17D2;&#x178F;&#x179F;&#x17B6;&#x179F;&#x17D2;&#x178F;&#x17D2;&#x179A; </subfield>
    <subfield code="y">&#x1787;&#x17B8;&#x179C;&#x17B7;&#x178F;&#x1794;&#x17D2;&#x179A;&#x1785;&#x17B6;&#x17C6;&#x1790;&#x17D2;&#x1784;&#x17C3;</subfield>
  </datafield>
  <datafield tag="700" ind1=" " ind2=" ">
    <subfield code="a">Sarith, Huot </subfield>
    <subfield code="q">Author </subfield>
  </datafield>
  <datafield tag="700" ind1=" " ind2=" ">
    <subfield code="a">Sovanrith, Khun </subfield>
    <subfield code="e">illustrator</subfield>
  </datafield>
  <datafield tag="700" ind1=" " ind2=" ">
    <subfield code="a">Visoth, Seng </subfield>
    <subfield code="e">illustrator</subfield>
  </datafield>
  <datafield tag="700" ind1=" " ind2=" ">
    <subfield code="a">Rotha, Ouk </subfield>
    <subfield code="e">illustrator</subfield>
  </datafield>
  <datafield tag="942" ind1=" " ind2=" ">
    <subfield code="2">ddc</subfield>
    <subfield code="c">BK</subfield>
    <subfield code="n">0</subfield>
  </datafield>
  <datafield tag="999" ind1=" " ind2=" ">
    <subfield code="c">1516</subfield>
    <subfield code="d">1516</subfield>
  </datafield>
  <datafield tag="952" ind1=" " ind2=" ">
    <subfield code="0">0</subfield>
    <subfield code="1">0</subfield>
    <subfield code="2">ddc</subfield>
    <subfield code="4">0</subfield>
    <subfield code="7">0</subfield>
    <subfield code="8">KHMERNF</subfield>
    <subfield code="a">001</subfield>
    <subfield code="b">001</subfield>
    <subfield code="c">RHTK2</subfield>
    <subfield code="d">2023-09-01</subfield>
    <subfield code="l">0</subfield>
    <subfield code="o">MEN 959.6</subfield>
    <subfield code="p">2023-0438</subfield>
    <subfield code="r">2023-09-01 10:28:57</subfield>
    <subfield code="t">1</subfield>
    <subfield code="w">2023-09-01</subfield>
    <subfield code="y">KHB</subfield>
  </datafield>
  <datafield tag="952" ind1=" " ind2=" ">
    <subfield code="0">0</subfield>
    <subfield code="1">0</subfield>
    <subfield code="2">ddc</subfield>
    <subfield code="4">0</subfield>
    <subfield code="7">0</subfield>
    <subfield code="8">KHMERNF</subfield>
    <subfield code="a">001</subfield>
    <subfield code="b">001</subfield>
    <subfield code="c">RHTK2</subfield>
    <subfield code="d">2023-09-01</subfield>
    <subfield code="l">0</subfield>
    <subfield code="o">MEN 959.6</subfield>
    <subfield code="p">2023-0439</subfield>
    <subfield code="r">2023-09-01 10:29:05</subfield>
    <subfield code="t">2</subfield>
    <subfield code="w">2023-09-01</subfield>
    <subfield code="y">KHB</subfield>
  </datafield>
  <datafield tag="952" ind1=" " ind2=" ">
    <subfield code="0">0</subfield>
    <subfield code="1">0</subfield>
    <subfield code="2">ddc</subfield>
    <subfield code="4">0</subfield>
    <subfield code="7">0</subfield>
    <subfield code="8">KHMERNF</subfield>
    <subfield code="a">001</subfield>
    <subfield code="b">001</subfield>
    <subfield code="c">OKHR</subfield>
    <subfield code="d">2024-03-26</subfield>
    <subfield code="l">0</subfield>
    <subfield code="o">MEN 959.6</subfield>
    <subfield code="p">FISTK03731</subfield>
    <subfield code="r">2024-03-26 14:13:36</subfield>
    <subfield code="t">3</subfield>
    <subfield code="w">2024-03-26</subfield>
    <subfield code="y">KHB</subfield>
  </datafield>
  <datafield tag="952" ind1=" " ind2=" ">
    <subfield code="0">0</subfield>
    <subfield code="1">0</subfield>
    <subfield code="2">ddc</subfield>
    <subfield code="4">0</subfield>
    <subfield code="7">0</subfield>
    <subfield code="8">KHMERNF</subfield>
    <subfield code="a">001</subfield>
    <subfield code="b">001</subfield>
    <subfield code="c">OKHR</subfield>
    <subfield code="d">2024-03-26</subfield>
    <subfield code="l">0</subfield>
    <subfield code="o">MEN 959.6</subfield>
    <subfield code="p">FISTK03730</subfield>
    <subfield code="r">2024-03-26 14:20:24</subfield>
    <subfield code="t">4</subfield>
    <subfield code="w">2024-03-26</subfield>
    <subfield code="y">KHB</subfield>
  </datafield>
  <datafield tag="952" ind1=" " ind2=" ">
    <subfield code="0">0</subfield>
    <subfield code="1">0</subfield>
    <subfield code="2">ddc</subfield>
    <subfield code="4">0</subfield>
    <subfield code="7">0</subfield>
    <subfield code="8">KHMERNF</subfield>
    <subfield code="a">001</subfield>
    <subfield code="b">001</subfield>
    <subfield code="c">OKHR</subfield>
    <subfield code="d">2024-06-04</subfield>
    <subfield code="l">0</subfield>
    <subfield code="o">MEN 959.6</subfield>
    <subfield code="p">FISTK03732</subfield>
    <subfield code="r">2024-06-04 14:39:53</subfield>
    <subfield code="t">5</subfield>
    <subfield code="w">2024-06-04</subfield>
    <subfield code="y">KHB</subfield>
  </datafield>
  <datafield tag="952" ind1=" " ind2=" ">
    <subfield code="0">0</subfield>
    <subfield code="1">0</subfield>
    <subfield code="2">ddc</subfield>
    <subfield code="4">0</subfield>
    <subfield code="7">0</subfield>
    <subfield code="8">KHMERNF</subfield>
    <subfield code="a">001</subfield>
    <subfield code="b">001</subfield>
    <subfield code="c">OKHR</subfield>
    <subfield code="d">2024-07-18</subfield>
    <subfield code="l">1</subfield>
    <subfield code="o">MEN 959.6</subfield>
    <subfield code="p">FISTK05091</subfield>
    <subfield code="r">2024-08-23 09:07:02</subfield>
    <subfield code="s">2024-08-23</subfield>
    <subfield code="t">6</subfield>
    <subfield code="w">2024-07-18</subfield>
    <subfield code="y">KHB</subfield>
  </datafield>
  <datafield tag="952" ind1=" " ind2=" ">
    <subfield code="0">0</subfield>
    <subfield code="1">0</subfield>
    <subfield code="2">ddc</subfield>
    <subfield code="4">0</subfield>
    <subfield code="7">0</subfield>
    <subfield code="8">KHMERNF</subfield>
    <subfield code="a">001</subfield>
    <subfield code="b">001</subfield>
    <subfield code="c">SKB</subfield>
    <subfield code="d">2024-07-18</subfield>
    <subfield code="l">1</subfield>
    <subfield code="o">MEN 959.6</subfield>
    <subfield code="p">FIS02286</subfield>
    <subfield code="r">2025-03-11 16:32:17</subfield>
    <subfield code="s">2025-03-11</subfield>
    <subfield code="t">7</subfield>
    <subfield code="w">2024-07-18</subfield>
    <subfield code="y">KHB</subfield>
  </datafield>
  <datafield tag="952" ind1=" " ind2=" ">
    <subfield code="0">0</subfield>
    <subfield code="1">0</subfield>
    <subfield code="2">ddc</subfield>
    <subfield code="4">0</subfield>
    <subfield code="7">0</subfield>
    <subfield code="8">KHMERNF</subfield>
    <subfield code="a">002</subfield>
    <subfield code="b">002</subfield>
    <subfield code="c">SKB</subfield>
    <subfield code="d">2025-03-11</subfield>
    <subfield code="l">1</subfield>
    <subfield code="o">MEN 959.6</subfield>
    <subfield code="p">2025-0780</subfield>
    <subfield code="q">2026-04-15</subfield>
    <subfield code="r">2026-04-01 08:13:30</subfield>
    <subfield code="s">2026-04-01</subfield>
    <subfield code="t">8</subfield>
    <subfield code="w">2025-03-11</subfield>
    <subfield code="y">KHB</subfield>
  </datafield>
  <datafield tag="952" ind1=" " ind2=" ">
    <subfield code="0">0</subfield>
    <subfield code="1">0</subfield>
    <subfield code="2">ddc</subfield>
    <subfield code="4">0</subfield>
    <subfield code="7">0</subfield>
    <subfield code="8">KHMERNF</subfield>
    <subfield code="a">002</subfield>
    <subfield code="b">001</subfield>
    <subfield code="c">TTP Khmer</subfield>
    <subfield code="d">2025-03-11</subfield>
    <subfield code="l">1</subfield>
    <subfield code="o">MEN 959.6</subfield>
    <subfield code="p">FIS05237</subfield>
    <subfield code="r">2025-12-18 15:25:16</subfield>
    <subfield code="s">2025-12-11</subfield>
    <subfield code="t">9</subfield>
    <subfield code="w">2025-03-11</subfield>
    <subfield code="y">KHB</subfield>
  </datafield>
  <datafield tag="952" ind1=" " ind2=" ">
    <subfield code="0">0</subfield>
    <subfield code="1">0</subfield>
    <subfield code="2">ddc</subfield>
    <subfield code="4">0</subfield>
    <subfield code="7">0</subfield>
    <subfield code="8">KHMERNF</subfield>
    <subfield code="a">002</subfield>
    <subfield code="b">002</subfield>
    <subfield code="c">SKB</subfield>
    <subfield code="d">2025-03-11</subfield>
    <subfield code="l">0</subfield>
    <subfield code="o">MEN 959.6</subfield>
    <subfield code="p">FISSE02211</subfield>
    <subfield code="r">2025-03-11 15:51:38</subfield>
    <subfield code="t">10</subfield>
    <subfield code="w">2025-03-11</subfield>
    <subfield code="y">KHB</subfield>
  </datafield>
  <datafield tag="952" ind1=" " ind2=" ">
    <subfield code="0">0</subfield>
    <subfield code="1">0</subfield>
    <subfield code="2">ddc</subfield>
    <subfield code="4">0</subfield>
    <subfield code="7">0</subfield>
    <subfield code="8">KHMERNF</subfield>
    <subfield code="a">002</subfield>
    <subfield code="b">002</subfield>
    <subfield code="c">TTP Khmer</subfield>
    <subfield code="d">2025-04-01</subfield>
    <subfield code="l">0</subfield>
    <subfield code="o">MEN 959.6</subfield>
    <subfield code="p">FISSE02208</subfield>
    <subfield code="r">2025-04-01 09:50:21</subfield>
    <subfield code="t">11</subfield>
    <subfield code="w">2025-04-01</subfield>
    <subfield code="y">KHB</subfield>
  </datafield>
  <datafield tag="952" ind1=" " ind2=" ">
    <subfield code="0">0</subfield>
    <subfield code="1">0</subfield>
    <subfield code="2">ddc</subfield>
    <subfield code="4">0</subfield>
    <subfield code="7">0</subfield>
    <subfield code="8">KHMERNF</subfield>
    <subfield code="a">002</subfield>
    <subfield code="b">002</subfield>
    <subfield code="c">TTP Khmer</subfield>
    <subfield code="d">2025-04-01</subfield>
    <subfield code="l">0</subfield>
    <subfield code="o">MEN 959.6</subfield>
    <subfield code="p">FISSE02265</subfield>
    <subfield code="r">2025-04-01 09:50:46</subfield>
    <subfield code="t">12</subfield>
    <subfield code="w">2025-04-01</subfield>
    <subfield code="y">KHB</subfield>
  </datafield>
  <datafield tag="952" ind1=" " ind2=" ">
    <subfield code="0">0</subfield>
    <subfield code="1">0</subfield>
    <subfield code="2">ddc</subfield>
    <subfield code="4">0</subfield>
    <subfield code="7">0</subfield>
    <subfield code="8">KHMERNF</subfield>
    <subfield code="a">002</subfield>
    <subfield code="b">002</subfield>
    <subfield code="c">SKB</subfield>
    <subfield code="d">2025-04-01</subfield>
    <subfield code="l">1</subfield>
    <subfield code="o">MEN 959.6</subfield>
    <subfield code="p">FISSE01515</subfield>
    <subfield code="r">2025-11-10 10:17:34</subfield>
    <subfield code="s">2025-09-30</subfield>
    <subfield code="t">13</subfield>
    <subfield code="w">2025-04-01</subfield>
    <subfield code="y">KHB</subfield>
  </datafield>
  <datafield tag="952" ind1=" " ind2=" ">
    <subfield code="0">0</subfield>
    <subfield code="1">0</subfield>
    <subfield code="2">ddc</subfield>
    <subfield code="4">0</subfield>
    <subfield code="7">0</subfield>
    <subfield code="8">KHMERNF</subfield>
    <subfield code="a">002</subfield>
    <subfield code="b">002</subfield>
    <subfield code="c">TTP Khmer</subfield>
    <subfield code="d">2025-04-01</subfield>
    <subfield code="l">1</subfield>
    <subfield code="o">MEN 959.6</subfield>
    <subfield code="p">FISSE02284</subfield>
    <subfield code="q">2026-03-11</subfield>
    <subfield code="r">2026-02-25 14:08:33</subfield>
    <subfield code="s">2026-02-25</subfield>
    <subfield code="t">14</subfield>
    <subfield code="w">2025-04-01</subfield>
    <subfield code="y">KHB</subfield>
  </datafield>
  <datafield tag="952" ind1=" " ind2=" ">
    <subfield code="0">0</subfield>
    <subfield code="1">0</subfield>
    <subfield code="2">ddc</subfield>
    <subfield code="4">0</subfield>
    <subfield code="7">0</subfield>
    <subfield code="8">KHMERNF</subfield>
    <subfield code="a">002</subfield>
    <subfield code="b">002</subfield>
    <subfield code="c">SKB</subfield>
    <subfield code="d">2025-11-27</subfield>
    <subfield code="l">0</subfield>
    <subfield code="o">MEN 959.6</subfield>
    <subfield code="p">2025-4944</subfield>
    <subfield code="r">2025-11-27 12:10:33</subfield>
    <subfield code="t">15</subfield>
    <subfield code="w">2025-11-27</subfield>
    <subfield code="y">KHB</subfield>
  </datafield>
  <datafield tag="952" ind1=" " ind2=" ">
    <subfield code="0">0</subfield>
    <subfield code="1">0</subfield>
    <subfield code="2">ddc</subfield>
    <subfield code="4">0</subfield>
    <subfield code="7">0</subfield>
    <subfield code="8">KHMERNF</subfield>
    <subfield code="a">002</subfield>
    <subfield code="b">002</subfield>
    <subfield code="c">SKB</subfield>
    <subfield code="d">2025-11-27</subfield>
    <subfield code="l">0</subfield>
    <subfield code="o">MEN 959.6</subfield>
    <subfield code="p">2025-4945</subfield>
    <subfield code="r">2025-11-27 12:11:10</subfield>
    <subfield code="t">16</subfield>
    <subfield code="w">2025-11-27</subfield>
    <subfield code="y">KHB</subfield>
  </datafield>
</record>
